| 000 | 00733nam a2200205 a 4500 | ||
|---|---|---|---|
| 005 | 20260108064000.0 | ||
| 008 | 991125s1970 mx 000 0 spa u | ||
| 035 | _aUPN01000001339 | ||
| 049 | _aSEP | ||
| 050 | 4 |
_aL227 D621 _bM2.2 |
|
| 110 | 2 | _aInstituto Nacional para la Educación de los Adultos (México) | |
| 245 | 1 | 0 |
_aAhora es cuando : _bcuaderno de trabajo : primera parte / _cInstituto Nacional para la Educación de los Adultos, Movimiento Nacional de Alfabetización. |
| 260 |
_aMéxico : _bINEA, _c[197-]. |
||
| 300 |
_a287 p. : _bil. |
||
| 500 | _a"Alfabetización con apoyo del radio" | ||
| 650 | 4 |
_aEducación de adultos _9956 |
|
| 650 | 4 |
_aEducación rural _99764 |
|
| 650 | 4 |
_aLibros de texto _94427 |
|
| 905 | _aLibro | ||
| 999 |
_c1339 _d1339 |
||